Boj s francouzskou výjimkou

Úvahy autorov o nutnosti zabrániť francúzskej snahe vymaniť sa z pravidiel EÚ v rozpočtovej oblasti i v hospodárskej súťaži.

Salvato in:
Dettagli Bibliografici
Autore principale: Alesina, Alberto
Altri autori: Giavazzi, Francesco
Natura: Capitolo di libro
Lingua:ceco
Soggetti:
Tags: Aggiungi Tag
Nessun Tag, puoi essere il primo ad aggiungerne!!

MARC

LEADER 00000naa$a2200000$$$4500
001 0001508
005 20231004071511.0
041 0 |a cze 
044 |a CZ 
245 1 0 |a Boj s francouzskou výjimkou  |c aut. Alberto Alesina, Francesco Giavazzi 
520 |a Úvahy autorov o nutnosti zabrániť francúzskej snahe vymaniť sa z pravidiel EÚ v rozpočtovej oblasti i v hospodárskej súťaži. 
610 2 0 |a politika hospodárska 
610 2 0 |a súťaž hospodárska 
610 2 0 |a rozpočty 
610 2 0 |a Francúzsko 
610 2 0 |a Európska únia 
610 2 0 |a Európsky ekonomický priestor 
100 1 |a Alesina, Alberto 
700 1 |a Giavazzi, Francesco